| 000 | 00361nam a2200157Ia 4500 | ||
|---|---|---|---|
| 100 | _aAggarwal/R.S | ||
| 650 | _aVerbal Reasoning | ||
| 942 | _cRB | ||
| 366 | _f20 | ||
| 245 | _aModern approach to Verbal and Non verbal reasoning | ||
| 260 |
_bS.Chand & C0 _c1994 |
||
| 082 |
_a370.1524 _bAGG |
||
| 300 | _a592 | ||
| 546 |
_aENGLISH _cComputers |
||
| 999 |
_c33604 _d33604 |
||